| 000 | 00000nam 2200000zi 4500 |
| 001 | 9.947315 |
| 003 | CaOODSP |
| 005 | 20250123131700 |
| 006 | m o d f |
| 007 | cr |n||||||||| |
| 008 | 250123s1956 oncabde o f000 0 eng d |
| 040 | |aCaOODSP|beng|erda|cCaOODSP |
| 043 | |an-cn--- |
| 086 | 1 |aA52-270/1956E-PDF |
| 086 | 1 |zA51-65E-PDF |
| 100 | 1 |aBarrett, A. E., |eauthor. |
| 245 | 10|aIllustration Stations Division, Central Experimental Farm, Ottawa : |bprogress report, 1948-1953 / |cA. E. Barrett. |
| 264 | 1|aOttawa, Canada : |bMinister of Agriculture, |c[1956] |
| 300 | |a1 online resource (53 pages) : |billustrations, map, chart, plans |
| 336 | |atext|btxt|2rdacontent |
| 337 | |acomputer|bc|2rdamedia |
| 338 | |aonline resource|bcr|2rdacarrier |
| 500 | |aDigitized edition from print [provided by Agriculture and Agri-Food Canada]. |
| 610 | 15|aCanada. |bExperimental Farms Service. |bDivision of Illustration Stations. |
| 610 | 15|aCanada. |bService des fermes expérimentales. |bDivision des stations de démonstration. |
| 650 | 0|aAgricultural experiment stations|zCanada. |
| 650 | 6|aStations agronomiques|zCanada. |
| 710 | 1 |aCanada. |bExperimental Farms Service. |bDivision of Illustration Stations, |eissuing body. |
| 856 | 40|qPDF|s9.19 MB|uhttps://publications.gc.ca/collections/collection_2024/aac-aafc/A51-65-1948-eng.pdf |
| 986 | |a2M—21320—3:55 |